Munich - Culture générale - Statistiques

Statistiques générales
  • Ce quiz a été pris 829 fois
  • Le résultat moyen est 9 sur 15
Statistiques - réponses
Information Réponse % Correct
Nom de la ville en allemand München
95%
Club de football vainqueur de la ligue des champions 2020 Bayern München
94%
Land dont Munich est capitale Bavière
91%
Fête connue comme "fête de la bière" Oktoberfest
83%
Constructeur automobiles haut de gamme basée ici BMW
72%
Joueur allemand, meilleur buteur du club Gerd Müller
72%
Il est affluent du ____ Danube
70%
Mouvement de résistance contre le nazisme nommé d'après une fleur La {Rose} blanche
63%
Année des Jeux Olympiques de Munich 1972
62%
Il commanda le "putsch de la brasserie" en 1923 Adolf Hitler
57%
Premier camp de concentration ouvert par les nazis dans la banlieue Dachau
41%
Place de l'hôtel de ville {Marien}platz
23%
Rivière qui traverse la ville Isar
19%
Compositeur d' "ainsi parlait Zarathoustra" né ici Richard Strauss
14%
Château, résidence des rois de Bavière {Nymphen}burg
11%
Aucun quiz correspondant
Distribution des résultats
% des personnes avec chaque résultat
Percentile par nombre de réponses
Votre historique - résultats
Vous n’avez pas pris ce quiz